| 000 | 00629nam a22002057a 4500 | ||
|---|---|---|---|
| 003 | OSt | ||
| 005 | 20140310181808.0 | ||
| 008 | 130704t xxu||||| |||| 00| 0 eng d | ||
| 020 | _a0671883496 | ||
| 050 |
_aCT 103 _b.W385 1994 |
||
| 082 |
_aREF 920.03 _bW39 1994 |
||
| 245 |
_aWebster's New world pocket biographical dictionary / _cDonald Stewart, project editor, Laura Borovac, biography editor. |
||
| 260 |
_aNew York : _bPrentice Hall, _c1994. |
||
| 300 |
_a275 p.; _c18 cm. |
||
| 520 | _a1. Biography--Dictionaries | ||
| 521 | _aBasic ed. students | ||
| 541 | _j1 | ||
| 562 | _e1 | ||
| 942 |
_2lcc _cBK-GR _kREF |
||
| 999 |
_c3844 _d3844 |
||